MovieStarPlanet - Statystyki

Ogólne statystyki
  • Ten quiz został rozwiązany 9 razy
  • Średni wynik to 12 z 15
Statystyki odpowiedzi
pytanie odpowiedź % Poprawnych
bot witający nas po stworzeniu nowego damskiego konta Pixi Star
100%
luksusowy status który możesz kupić z prawdziwe pieniądze VIP
100%
najwiekszy level aktualnie do zdobycia 101
89%
rok powstania 2009
89%
rok powstania serwera w Polsce 2011
89%
w którym roku wyszła piewsza gazetka 2012
89%
w którym roku przestali produkować gazetki 2023
89%
czy gra ma kontynuacje w drugiej części tak
89%
Polska ikona bez której gra by zbankrutowała juna13
78%
gra którą wyszła pod serii planet i nie została tu jeszcze wymieniona BlockStarPlanet
67%
gra od twórców MSP usunieta w 2020 BooniePlanet
56%
waluta graczy premium diax
56%
piewsza luksusowa kolekcja w grze drip
56%
kto był przed Pixi Star Samanta
56%
waluta sc
56%
Nie znaleziono quizów pasujących do podanych kryteriów
Rozkład punktacji
Procent ludzi z każdym wynikiem
Percentyl według liczby udzielonych odpowiedzi
Twoja historia wyników
Nie rozwiązałeś tego quizu